[Event "Rostov Region-ch op"]
[Site "Rostov on Don"]
[Date "2011.10.20"]
[Round "8.15"]
[White "Gritsenko, Sergey"]
[Black "Rud, Viktor"]
[Result "1/2-1/2"]
[WhiteElo "2141"]
[BlackElo "2028"]
[PlyCount "49"]
[EventDate "2011.10.20"]
[EventType "swiss"]
[EventRounds "9"]
[EventCountry "RUS"]
[SourceTitle "EXT 2022"]
[Source "ChessBase"]
[SourceDate "2021.10.06"]
[SourceVersion "1"]
[SourceVersionDate "2021.10.06"]
[SourceQuality "1"]

1. e4 c6 2. d4 d5 3. Nc3 dxe4 4. Nxe4 Nd7 5. Ng5 Ngf6 6. Bd3 e6 7. N1f3 Bd6 8. Qe2 h6 9. Ne4 Nxe4 10. Qxe4 Qc7 11. Qg4 Kf8 12. 0-0 c5 13. b3 e5 14. c3 b6 15. Re1 cxd4 16. cxd4 Nc5 17. Bf5 h5 18. Qh3 Nd3 19. Rd1 e4 20. Ne5 Bxe5 21. dxe5 Bxf5 22. Qxf5 Qxe5 23. Qxe5 Nxe5 24. Rd4 f6 25. Rxe4 1/2-1/2

[Event "Rostov Region-ch op"]
[Site "Rostov on Don"]
[Date "2011.10.20"]
[Round "4.24"]
[White "Gritsenko, Sergey"]
[Black "Severin, Nikita"]
[Result "1-0"]
[WhiteElo "2141"]
[BlackElo "1933"]
[PlyCount "71"]
[EventDate "2011.10.20"]
[EventType "swiss"]
[EventRounds "9"]
[EventCountry "RUS"]
[SourceTitle "EXT 2022"]
[Source "ChessBase"]
[SourceDate "2021.10.06"]
[SourceVersion "1"]
[SourceVersionDate "2021.10.06"]
[SourceQuality "1"]

1. d4 Nf6 2. Nf3 g6 3. c4 Bg7 4. Nc3 0-0 5. e4 d6 6. Be2 e5 7. 0-0 Nbd7 8. Re1 c6 9. Bf1 Re8 10. Rb1 a5 11. b3 exd4 12. Nxd4 Nc5 13. f3 Ne6 14. Be3 Nh5 15. Qd2 Be5 16. Qf2 Qf6 17. Rbd1 Nhf4 18. Nce2 Ng5 19. Nxf4 Bxf4 20. Bxf4 Qxf4 21. Ne2 Qf6 22. Qd4 Qxd4+ 23. Rxd4 f5 24. exf5 Bxf5 25. Rxd6 Re7 26. Red1 Nf7 27. R6d2 Rae8 28. Ng3 Ne5 29. Nxf5 gxf5 30. Rd8 Kf7 31. Rxe8 Rxe8 32. Kf2 c5 33. Rd5 b6 34. Rd6 Re6 35. Rxe6 Kxe6 36. Ke3 1-0

[Event "RUS-ch 60th zt"]
[Site "Rostov on Don"]
[Date "2007.03.??"]
[Round "2"]
[White "Anoshkin, Alexander"]
[Black "Gritsenko, Sergey"]
[Result "1-0"]
[WhiteElo "2365"]
[BlackElo "2143"]
[PlyCount "73"]
[EventDate "2007.03.16"]
[EventType "swiss"]
[EventRounds "9"]
[EventCountry "RUS"]
[SourceTitle "EXT 2022"]
[Source "ChessBase"]
[SourceDate "2021.10.06"]
[SourceVersion "1"]
[SourceVersionDate "2021.10.06"]
[SourceQuality "1"]

1. e4 c5 2. d4 cxd4 3. c3 d3 4. Bxd3 d6 5. c4 Nf6 6. Nc3 Nc6 7. h3 a6 8. Nf3 e6 9. 0-0 Be7 10. Qe2 0-0 11. Rd1 Qc7 12. Be3 Nd7 13. Rac1 Nce5 14. b3 Nxf3+ 15. Qxf3 Ne5 16. Qe2 Bd7 17. Bb1 Rac8 18. f4 Ng6 19. g3 b6 20. h4 Rfe8 21. Qd2 Red8 22. h5 Nf8 23. Qf2 Rb8 24. Bd4 f6 25. f5 Qb7 26. h6 b5 27. hxg7 Kxg7 28. cxb5 axb5 29. fxe6 Bxe6 30. Nd5 Bxd5 31. exd5 Ng6 32. Bf5 Ne5 33. Be6 Rf8 34. Qf5 Bd8 35. Kg2 Bb6 36. Rh1 h6 37. Rxh6 1-0

[Event "RUS-ch 60th zt"]
[Site "Rostov on Don"]
[Date "2007.03.??"]
[Round "6"]
[White "Gritsenko, Sergey"]
[Black "Gladkiy, Dmitriy"]
[Result "0-1"]
[WhiteElo "2143"]
[BlackElo "2373"]
[PlyCount "64"]
[EventDate "2007.03.16"]
[EventType "swiss"]
[EventRounds "9"]
[EventCountry "RUS"]
[SourceTitle "EXT 2022"]
[Source "ChessBase"]
[SourceDate "2021.10.06"]
[SourceVersion "1"]
[SourceVersionDate "2021.10.06"]
[SourceQuality "1"]

1. d4 Nf6 2. c4 g6 3. Nc3 Bg7 4. e4 0-0 5. Be2 d6 6. Nf3 e5 7. Be3 Ng4 8. Bg5 f6 9. Bh4 Nc6 10. h3 exd4 11. Nxd4 Nge5 12. 0-0 Nxd4 13. Qxd4 Be6 14. Nd5 g5 15. Bg3 f5 16. Bxe5 Bxe5 17. Qd2 f4 18. Bg4 Bxg4 19. hxg4 c6 20. Nc3 f3 21. Nd1 Qf6 22. gxf3 Qh6 23. Re1 Bf4 24. Ne3 Qh3 25. Qc2 Rae8 26. Nf1 Re6 27. Ng3 Bxg3 28. fxg3 Rxf3 29. Qh2 Rxg3+ 30. Kh1 Qxg4 31. Rg1 Qf3+ 32. Rg2 Rh6 0-1

[Event "Makienko Memorial"]
[Site "Rostov on Don"]
[Date "2007.??.??"]
[Round "2"]
[White "Gritsenko, Sergey"]
[Black "Gladkiy, Dmitriy"]
[Result "1/2-1/2"]
[WhiteElo "2143"]
[BlackElo "2373"]
[PlyCount "73"]
[EventDate "2007.03.26"]
[EventType "swiss"]
[EventRounds "9"]
[EventCountry "RUS"]
[SourceTitle "EXT 2022"]
[Source "ChessBase"]
[SourceDate "2021.10.06"]
[SourceVersion "1"]
[SourceVersionDate "2021.10.06"]
[SourceQuality "1"]

1. d4 Nf6 2. c4 c5 3. d5 e5 4. Nc3 d6 5. e4 g6 6. Be2 Bg7 7. Bg5 a6 8. a4 Nbd7 9. Qd2 h6 10. Be3 b6 11. h3 Ra7 12. Nf3 Nh5 13. g3 Ndf6 14. Nh4 g5 15. Ng2 Nf4 16. gxf4 gxf4 17. Nxf4 exf4 18. Bxf4 Re7 19. 0-0-0 Nxe4 20. Nxe4 Rxe4 21. Bd3 Rd4 22. Rde1+ Kd7 23. Be3 Rh4 24. Reg1 Qf6 25. Rg4 Kc7 26. Rxh4 Qxh4 27. a5 Qf6 28. Qc2 Bd7 29. axb6+ Kxb6 30. Bd2 Rb8 31. Rg1 Bh8 32. Rg3 Ka7 33. Bc3 Qf4+ 34. Qd2 Be5 35. Bxe5 Qxe5 36. Re3 Qf6 37. Qe2 1/2-1/2

[Event "Makienko Memorial"]
[Site "Rostov on Don"]
[Date "2007.??.??"]
[Round "3"]
[White "Zakharov, Alexander V"]
[Black "Gritsenko, Sergey"]
[Result "1-0"]
[WhiteElo "2393"]
[BlackElo "2143"]
[PlyCount "73"]
[EventDate "2007.03.26"]
[EventType "swiss"]
[EventRounds "9"]
[EventCountry "RUS"]
[SourceTitle "EXT 2022"]
[Source "ChessBase"]
[SourceDate "2021.10.06"]
[SourceVersion "1"]
[SourceVersionDate "2021.10.06"]
[SourceQuality "1"]

1. e4 c5 2. Nf3 e6 3. Nc3 a6 4. g3 Nc6 5. Bg2 d6 6. 0-0 Nf6 7. d4 cxd4 8. Nxd4 Bd7 9. Nb3 Be7 10. a4 0-0 11. Qe2 Rc8 12. a5 Qc7 13. g4 h6 14. f4 Nh7 15. Be3 Nb4 16. Rfd1 Bf6 17. e5 dxe5 18. Bb6 Bb5 19. Nxb5 Qxc2 20. Qxc2 Nxc2 21. Rac1 axb5 22. Bc5 Rxc5 23. Nxc5 Nd4 24. Nd7 Ne2+ 25. Kf1 Nxc1 26. Nxf8 Nb3 27. Nxh7 Kxh7 28. Be4+ g6 29. Rd7 Kg7 30. fxe5 Bxe5 31. Rxb7 Nxa5 32. Rxb5 Bc7 33. Ke2 f5 34. b4 Nb3 35. Rb7 fxe4 36. Rxc7+ Kf6 37. Ke3 1-0